Trò chơi ô chữ Từ Vựng /
সংরক্ষণ করুন:
| বিন্যাস: | গ্রন্থ |
|---|---|
| প্রকাশিত: |
ĐN. :
Đà Nẵng.
2007
|
| বিষয়গুলি: | |
| ট্যাগগুলো: |
ট্যাগ যুক্ত করুন
কোনো ট্যাগ নেই, প্রথমজন হিসাবে ট্যাগ করুন!
|
| Thư viện lưu trữ: | Mạng thư viện Đại học Đà Nẵng |
|---|
| LEADER | 00859nam a22002531a 4500 | ||
|---|---|---|---|
| 001 | 000038127 | ||
| 003 | 14422 | ||
| 005 | 20220722145635.0 | ||
| 008 | 160412s2007 000 | ||
| 020 | |a 12000 | ||
| 082 | |a 428.2 |b TR-C | ||
| 245 | 0 | |a Trò chơi ô chữ Từ Vựng / |c TT Biên Soạn Dịch Thuật. | |
| 260 | |c 2007 |a ĐN. : |b Đà Nẵng. | ||
| 300 | |a 63tr. : ; |c 24cm. | ||
| 653 | |a Từ Vựng |a Trò chơi ô chữ | ||
| OWN | |a LNN | ||
| AVA | |a UDN50 |b LNN |c English |d 428.2TR-C |e available |t Error 5001 Not defined in file expand_doc_bib_avail. |f 1 |g 0 |h N |i 0 |j AN | ||
| 999 | |a From the UDN01 | ||
| AVA | |a UDN50 |b LNN |c English |d 428.2TR-C |e available |t Error 5001 Not defined in file expand_doc_bib_avail. |f 1 |g 0 |h N |i 0 |j AN | ||
| TYP | |a Monograph | ||
| 980 | |a Mạng thư viện Đại học Đà Nẵng | ||